[Event "WCO2014"]
[Site "Tromso"]
[Date "2014.08.09"]
[Round "7.5"]
[WhiteID "4900758"]
[White "Munguntuul Batkhuyag"]
[BlackID "3700860"]
[Black "Vargas Gabriela"]
[Result "1-0"]
[LiveChessVersion "1.4.3"]
[BlackElo "2112"]
[WhiteElo "2410"]

1. d4 {[%clk 1:30:57]} e6 {[%clk 1:30:07]} 2. Nf3 {[%clk 1:31:19]} d5
{[%clk 1:30:24]} 3. Bf4 {[%clk 1:31:34]} Bd6 {[%clk 1:29:56]} 4. Bg3
{[%clk 1:31:25]} c5 {[%clk 1:26:58]} 5. e3 {[%clk 1:30:14]} Nc6 {[%clk 1:25:09]}
6. c3 {[%clk 1:28:48]} Bxg3 {[%clk 1:19:48]} 7. hxg3 {[%clk 1:27:01]} Qb6
{[%clk 1:19:12]} 8. Qc2 {[%clk 1:26:19]} Nf6 {[%clk 1:19:26]} 9. Nbd2
{[%clk 1:26:08]} cxd4 {[%clk 1:19:11]} 10. exd4 {[%clk 1:25:17]} Qc7
{[%clk 1:15:54]} 11. O-O-O {[%clk 1:21:00]} Bd7 {[%clk 1:09:30]} 12. Bd3
{[%clk 1:18:51]} h6 {[%clk 1:07:25]} 13. Rde1 {[%clk 1:16:04]} O-O-O
{[%clk 1:07:05]} 14. Nb3 {[%clk 1:14:44]} Kb8 {[%clk 0:54:09]} 15. Ne5
{[%clk 0:57:33]} Nxe5 {[%clk 0:46:10]} 16. dxe5 {[%clk 0:55:53]} Ng8
{[%clk 0:46:34]} 17. Rh4 {[%clk 0:50:13]} Ne7 {[%clk 0:46:56]} 18. Rg4
{[%clk 0:49:23]} g6 {[%clk 0:46:55]} 19. Rf4 {[%clk 0:48:59]} Rdf8
{[%clk 0:44:32]} 20. Nd4 {[%clk 0:48:58]} a6 {[%clk 0:32:55]} 21. Qb3
{[%clk 0:47:41]} Ka8 {[%clk 0:33:17]} 22. Qa3 {[%clk 0:46:47]} Be8
{[%clk 0:33:12]} 23. Kb1 {[%clk 0:34:20]} Kb8 {[%clk 0:31:56]} 24. Nb3
{[%clk 0:25:36]} g5 {[%clk 0:27:37]} 25. Rf6 {[%clk 0:22:06]} Nc6
{[%clk 0:18:02]} 26. Nc5 {[%clk 0:20:22]} Qa5 {[%clk 0:17:45]} 27. Qxa5
{[%clk 0:13:17]} Nxa5 {[%clk 0:18:13]} 28. Rh1 {[%clk 0:13:20]} h5
{[%clk 0:14:34]} 29. Be2 {[%clk 0:13:40]} g4 {[%clk 0:11:48]} 30. f4
{[%clk 0:10:55]} gxf3 {[%clk 0:09:58]} 31. Bxf3 {[%clk 0:11:04]} Rfg8
{[%clk 0:09:51]} 32. Rxh5 {[%clk 0:07:33]} Rxh5 {[%clk 0:10:14]} 33. Bxh5
{[%clk 0:07:59]} Rxg3 {[%clk 0:10:00]} 34. Bxf7 {[%clk 0:06:40]} Bxf7
{[%clk 0:09:36]} 35. Rxf7 {[%clk 0:07:08]} Rxg2 {[%clk 0:09:55]} 36. b4
{[%clk 0:05:09]} Rg1+ {[%clk 0:06:32]} 37. Kc2 {[%clk 0:05:32]} Rg2+
{[%clk 0:06:56]} 38. Kd1 {[%clk 0:05:33]} Nc4 {[%clk 0:06:55]} 39. Rxb7+
{[%clk 0:05:45]} Kc8 {[%clk 0:07:23]} 40. Re7 {[%clk 0:04:59]} Nxe5
{[%clk 0:01:06]} 41. Rxe6 {[%clk 0:04:27]} Nc4 {[%clk 0:01:22]} 42. Rxa6
{[%clk 0:29:44]} Ne3+ {[%clk 0:29:53]} 43. Kc1 {[%clk 0:29:17]} Rc2+
{[%clk 0:28:46]} 44. Kb1 {[%clk 0:29:45]} Rg2 {[%clk 0:25:48]} 45. b5
{[%clk 0:25:34]} Rg1+ {[%clk 0:15:51]} 46. Kb2 {[%clk 0:24:33]} Rg2+
{[%clk 0:15:12]} 47. Kc1 {[%clk 0:24:17]} Rg1+ {[%clk 0:14:54]} 48. Kd2
{[%clk 0:20:55]} Nc4+ {[%clk 0:15:09]} 49. Ke2 {[%clk 0:21:20]} Rg2+
{[%clk 0:15:00]} 50. Ke1 {[%clk 0:20:15]} Rb2 {[%clk 0:11:50]} 51. a4
{[%clk 0:20:22]} Kc7 {[%clk 0:09:40]} 52. Rc6+ {[%clk 0:19:22]} Kd8
{[%clk 0:08:58]} 53. Kd1 {[%clk 0:16:31]} Rb1+ {[%clk 0:07:51]} 54. Kc2
{[%clk 0:16:46]} Na3+ {[%clk 0:07:27]} 55. Kd3 {[%clk 0:17:12]} Nc4
{[%clk 0:07:40]} 56. Nb7+ {[%clk 0:13:10]} Kd7 {[%clk 0:07:51]} 57. Rxc4
{[%clk 0:13:38]} dxc4+ {[%clk 0:07:34]} 58. Kxc4 {[%clk 0:14:07]} Kc7
{[%clk 0:07:44]} 59. Nc5 {[%clk 0:14:35]} Ra1 {[%clk 0:07:30]} 60. Kb4
{[%clk 0:14:59]} Rc1 {[%clk 0:01:17]} 61. a5 {[%clk 0:15:13]} Rb1+
{[%clk 0:01:32]} 62. Kc4 {[%clk 0:15:11]} Ra1 {[%clk 0:01:51]} 63. b6+
{[%clk 0:13:00]} Kc6 {[%clk 0:02:18]} 64. b7 {[%clk 0:13:23]} Kc7
{[%clk 0:00:56]} 65. a6 {[%clk 0:13:47]} 1-0

[Event "WCO2014"]
[Site "Tromso"]
[Date "2014.08.09"]
[Round "7.6"]
[WhiteID "3507831"]
[White "Perez Rodriguez Jennifer"]
[BlackID "4900839"]
[Black "Batchimeg Tuvshintugs"]
[Result "0-1"]
[LiveChessVersion "1.4.3"]
[BlackElo "2346"]
[WhiteElo "2211"]

1. e4 {[%clk 1:30:55]} c5 {[%clk 1:30:35]} 2. c3 {[%clk 1:31:19]} d5
{[%clk 1:29:12]} 3. exd5 {[%clk 1:31:44]} Qxd5 {[%clk 1:29:39]} 4. d4
{[%clk 1:32:11]} Nc6 {[%clk 1:28:03]} 5. Nf3 {[%clk 1:32:28]} Bg4
{[%clk 1:28:06]} 6. Be2 {[%clk 1:32:40]} e6 {[%clk 1:26:39]} 7. O-O
{[%clk 1:32:21]} Nf6 {[%clk 1:26:06]} 8. Be3 {[%clk 1:30:55]} cxd4
{[%clk 1:25:14]} 9. Nxd4 {[%clk 1:22:49]} Bxe2 {[%clk 1:12:17]} 10. Qxe2
{[%clk 1:22:54]} Nxd4 {[%clk 1:04:37]} 11. Bxd4 {[%clk 1:19:31]} Be7
{[%clk 1:04:59]} 12. Nd2 {[%clk 1:17:28]} O-O {[%clk 1:02:49]} 13. Nf3
{[%clk 1:14:42]} Rfd8 {[%clk 1:01:39]} 14. b3 {[%clk 1:10:25]} Qe4
{[%clk 0:59:01]} 15. Qxe4 {[%clk 1:04:34]} Nxe4 {[%clk 0:58:52]} 16. Rfe1
{[%clk 1:05:01]} Nd6 {[%clk 0:53:46]} 17. c4 {[%clk 1:00:43]} Nf5
{[%clk 0:53:41]} 18. Bb2 {[%clk 1:00:13]} Rd3 {[%clk 0:51:31]} 19. Rad1
{[%clk 0:58:49]} Rad8 {[%clk 0:49:07]} 20. Rxd3 {[%clk 0:57:50]} Rxd3
{[%clk 0:49:35]} 21. Kf1 {[%clk 0:57:26]} Bc5 {[%clk 0:47:27]} 22. Ke2
{[%clk 0:56:29]} Rd8 {[%clk 0:47:26]} 23. Bc3 {[%clk 0:55:22]} a6
{[%clk 0:39:42]} 24. Rc1 {[%clk 0:50:13]} f6 {[%clk 0:35:12]} 25. Rc2
{[%clk 0:48:55]} Kf7 {[%clk 0:30:57]} 26. Rd2 {[%clk 0:45:18]} Rxd2+
{[%clk 0:30:25]} 27. Nxd2 {[%clk 0:44:59]} e5 {[%clk 0:30:27]} 28. Ne4
{[%clk 0:44:51]} Be7 {[%clk 0:30:26]} 29. Ba5 {[%clk 0:29:27]} Nd4+
{[%clk 0:26:34]} 30. Kd2 {[%clk 0:23:36]} f5 {[%clk 0:16:42]} 31. Ng3
{[%clk 0:22:46]} Ke6 {[%clk 0:12:08]} 32. f3 {[%clk 0:16:18]} Bg5+
{[%clk 0:09:59]} 33. Kd3 {[%clk 0:15:22]} Bf4 {[%clk 0:08:18]} 34. Nf1
{[%clk 0:12:59]} Bc1 {[%clk 0:07:54]} 35. Bc3 {[%clk 0:12:17]} Nc6
{[%clk 0:07:59]} 36. Kc2 {[%clk 0:11:51]} Bf4 {[%clk 0:06:54]} 37. g3
{[%clk 0:10:03]} Bg5 {[%clk 0:07:12]} 38. Kd3 {[%clk 0:08:19]} h5
{[%clk 0:05:27]} 39. b4 {[%clk 0:07:10]} b5 {[%clk 0:04:29]} 40. a3
{[%clk 0:01:56]} Bc1 {[%clk 0:04:28]} 41. Ne3 {[%clk 0:21:33]} Bxa3
{[%clk 0:31:48]} 42. Nc2 {[%clk 0:15:41]} Bc1 {[%clk 0:32:00]} 43. Na1
{[%clk 0:10:11]} Bg5 {[%clk 0:31:29]} 44. h4 {[%clk 0:07:56]} Bf6
{[%clk 0:30:29]} 45. cxb5 {[%clk 0:06:09]} axb5 {[%clk 0:30:46]} 46. Ke3
{[%clk 0:05:22]} f4+ {[%clk 0:27:16]} 47. gxf4 {[%clk 0:04:31]} exf4+
{[%clk 0:27:43]} 48. Kd3 {[%clk 0:04:54]} Nxb4+ {[%clk 0:27:47]} 49. Bxb4
{[%clk 0:03:58]} Bxa1 {[%clk 0:28:12]} 50. Ke4 {[%clk 0:04:27]} Be5
{[%clk 0:27:51]} 51. Be1 {[%clk 0:04:03]} Bd6 {[%clk 0:27:47]} 52. Bc3
{[%clk 0:04:10]} g6 {[%clk 0:28:06]} 53. Bb2 {[%clk 0:02:24]} Be7
{[%clk 0:28:16]} 54. Kxf4 {[%clk 0:02:19]} Bxh4 {[%clk 0:28:32]} 55. Bc3
{[%clk 0:02:11]} Bf6 {[%clk 0:28:42]} 56. Bb4 {[%clk 0:02:07]} 0-1

[Event "WCO2014"]
[Site "Tromso"]
[Date "2014.08.09"]
[Round "7.7"]
[WhiteID "4900260"]
[White "Bayarmaa Bayarjargal"]
[BlackID "3702014"]
[Black "Perez Dalila"]
[Result "0-1"]
[LiveChessVersion "1.4.3"]
[BlackElo "1791"]
[WhiteElo "2109"]

1. d4 {[%clk 1:30:56]} Nf6 {[%clk 1:30:54]} 2. c4 {[%clk 1:30:54]} e6
{[%clk 1:31:13]} 3. Nf3 {[%clk 1:31:17]} Bb4+ {[%clk 1:31:36]} 4. Bd2
{[%clk 1:31:28]} Bxd2+ {[%clk 1:31:16]} 5. Nbxd2 {[%clk 1:31:29]} d5
{[%clk 1:30:11]} 6. e3 {[%clk 1:31:15]} O-O {[%clk 1:29:57]} 7. Bd3
{[%clk 1:31:27]} Qe7 {[%clk 1:29:07]} 8. O-O {[%clk 1:24:22]} b6 {[%clk 1:22:52]}
9. Rc1 {[%clk 1:11:39]} Bb7 {[%clk 1:15:09]} 10. Qc2 {[%clk 1:09:20]} Rc8
{[%clk 1:08:10]} 11. Rfe1 {[%clk 0:57:58]} Na6 {[%clk 0:52:48]} 12. a3
{[%clk 0:54:59]} c5 {[%clk 0:52:27]} 13. Qa4 {[%clk 0:54:24]} cxd4
{[%clk 0:49:47]} 14. exd4 {[%clk 0:54:33]} dxc4 {[%clk 0:48:18]} 15. Bxc4
{[%clk 0:51:27]} Nc7 {[%clk 0:47:49]} 16. Bf1 {[%clk 0:49:20]} h6
{[%clk 0:43:21]} 17. Ne5 {[%clk 0:46:17]} Ncd5 {[%clk 0:38:59]} 18. Ndf3
{[%clk 0:36:38]} a6 {[%clk 0:34:06]} 19. Qb3 {[%clk 0:29:34]} Rc7
{[%clk 0:25:18]} 20. g3 {[%clk 0:26:01]} Rac8 {[%clk 0:24:14]} 21. Rcd1
{[%clk 0:26:18]} b5 {[%clk 0:21:03]} 22. Bg2 {[%clk 0:23:44]} Nb6
{[%clk 0:20:32]} 23. Nh4 {[%clk 0:20:50]} Bd5 {[%clk 0:18:46]} 24. Bxd5
{[%clk 0:20:51]} Nfxd5 {[%clk 0:18:59]} 25. Nd3 {[%clk 0:17:01]} Na4
{[%clk 0:16:14]} 26. Rd2 {[%clk 0:09:29]} Ndb6 {[%clk 0:11:50]} 27. Rde2
{[%clk 0:07:09]} Qd6 {[%clk 0:10:16]} 28. Nf3 {[%clk 0:02:22]} Nc4
{[%clk 0:04:31]} 29. Nf4 {[%clk 0:02:09]} Ncxb2 {[%clk 0:03:12]} 30. Rxe6
{[%clk 0:01:12]} Qf8 {[%clk 0:00:46]} 31. Ng6 {[%clk 0:00:57]} Rc3
{[%clk 0:01:10]} 32. Qxc3 Rxc3 33. Nxf8 fxe6 34. Nxe6 Rxf3 35. d5 Rd3 36. Nf4 Rd1
37. Rxd1 Nxd1 38. d6 Kf7 39. Nd5 Nc5 40. Nc7 Nc3 41. d7 Ke7 42. Ne8 Ne6 43. f4
Kxd7 44. f5 Kxe8 45. fxe6 Ke7 0-1

[Event "WCO2014"]
[Site "Tromso"]
[Date "2014.08.09"]
[Round "7.8"]
[WhiteID "3702073"]
[White "Avalos Leticia"]
[BlackID "4900600"]
[Black "Ankhchimeg Bayanmunkh"]
[Result "0-1"]
[LiveChessVersion "1.4.3"]
[BlackElo "2123"]
[WhiteElo "1687"]

1. d4 {[%clk 1:30:57]} Nf6 {[%clk 1:30:47]} 2. c4 {[%clk 1:31:21]} e6
{[%clk 1:31:12]} 3. Nc3 {[%clk 1:31:47]} Bb4 {[%clk 1:31:21]} 4. Qc2
{[%clk 1:32:13]} d5 {[%clk 1:30:45]} 5. a3 {[%clk 1:32:34]} Be7 {[%clk 1:23:32]}
6. cxd5 {[%clk 1:31:42]} exd5 {[%clk 1:23:48]} 7. Bg5 {[%clk 1:32:05]} O-O
{[%clk 1:21:41]} 8. e3 {[%clk 1:32:29]} h6 {[%clk 1:21:55]} 9. Bh4
{[%clk 1:30:03]} Nbd7 {[%clk 1:16:37]} 10. Bd3 {[%clk 1:29:15]} c5
{[%clk 1:13:24]} 11. Nf3 {[%clk 1:25:06]} b6 {[%clk 1:10:38]} 12. h3
{[%clk 1:21:10]} Bb7 {[%clk 1:07:03]} 13. g4 {[%clk 1:18:22]} Ne4
{[%clk 1:05:01]} 14. Bxe7 {[%clk 1:12:23]} Qxe7 {[%clk 1:05:05]} 15. h4
{[%clk 1:04:33]} Rac8 {[%clk 0:59:08]} 16. g5 {[%clk 0:53:10]} h5
{[%clk 0:58:29]} 17. Rg1 {[%clk 0:36:18]} a6 {[%clk 0:45:57]} 18. Qe2
{[%clk 0:33:09]} g6 {[%clk 0:42:45]} 19. Rc1 {[%clk 0:27:55]} b5 {[%clk 0:39:32]}
20. Kf1 {[%clk 0:24:03]} Rfe8 {[%clk 0:33:05]} 21. Kg2 {[%clk 0:21:45]} cxd4
{[%clk 0:32:41]} 22. Nxd4 {[%clk 0:21:27]} Nxc3 {[%clk 0:31:39]} 23. bxc3
{[%clk 0:17:42]} Qxa3 {[%clk 0:31:29]} 24. Qc2 {[%clk 0:18:04]} Qd6
{[%clk 0:31:06]} 25. Rge1 {[%clk 0:17:22]} Ne5 {[%clk 0:27:40]} 26. Be2
{[%clk 0:15:45]} Qd7 {[%clk 0:26:53]} 27. Qd1 {[%clk 0:11:51]} Rc7
{[%clk 0:26:23]} 28. f4 {[%clk 0:10:28]} Nc4 {[%clk 0:24:39]} 29. Bxc4
{[%clk 0:10:22]} dxc4+ {[%clk 0:25:03]} 30. Kh2 {[%clk 0:09:47]} Qd5
{[%clk 0:24:23]} 31. Rc2 {[%clk 0:09:53]} Rce7 {[%clk 0:24:27]} 32. Qc1
{[%clk 0:06:00]} Qd7 {[%clk 0:24:15]} 33. f5 {[%clk 0:02:31]} Re4
{[%clk 0:23:47]} 34. Kh3 {[%clk 0:00:48]} gxf5 {[%clk 0:22:10]} 35. Rg1
{[%clk 0:00:32]} Rxe3+ {[%clk 0:22:03]} 36. Kh2 {[%clk 0:00:49]} Qd6+
{[%clk 0:22:22]} 0-1

[Event "WCO2014"]
[Site "Tromso"]
[Date "2014.08.09"]
[Round "7.1"]
[WhiteID "14507943"]
[White "Franciskovic Borka"]
[BlackID "14300818"]
[Black "Frick Denise"]
[Result "1-0"]
[LiveChessVersion "1.4.3"]
[BlackElo "1892"]
[WhiteElo "2318"]

1. Nf3 {[%clk 1:30:56]} f5 {[%clk 1:30:50]} 2. c4 {[%clk 1:31:10]} Nf6
{[%clk 1:31:11]} 3. g3 {[%clk 1:30:57]} g6 {[%clk 1:31:13]} 4. Bg2
{[%clk 1:31:14]} Bg7 {[%clk 1:31:36]} 5. O-O {[%clk 1:30:57]} O-O
{[%clk 1:31:43]} 6. d4 {[%clk 1:30:31]} d6 {[%clk 1:32:04]} 7. Nc3
{[%clk 1:30:34]} c6 {[%clk 1:32:14]} 8. Rb1 {[%clk 1:29:59]} Ne4 {[%clk 1:32:04]}
9. Qc2 {[%clk 1:28:57]} Nxc3 {[%clk 1:31:59]} 10. bxc3 {[%clk 1:29:00]} e5
{[%clk 1:31:44]} 11. dxe5 {[%clk 1:26:54]} dxe5 {[%clk 1:32:05]} 12. Ba3
{[%clk 1:17:41]} Re8 {[%clk 1:28:38]} 13. Rfd1 {[%clk 1:13:59]} Nd7
{[%clk 1:23:16]} 14. e4 {[%clk 1:07:36]} Qf6 {[%clk 1:12:33]} 15. Rd6
{[%clk 0:53:43]} Re6 {[%clk 1:04:50]} 16. Rbd1 {[%clk 0:46:46]} Bf8
{[%clk 1:02:30]} 17. Rxe6 {[%clk 0:42:00]} Qxe6 {[%clk 1:02:49]} 18. exf5
{[%clk 0:39:43]} gxf5 {[%clk 1:01:07]} 19. Bxf8 {[%clk 0:37:57]} Nxf8
{[%clk 0:56:27]} 20. Rd8 {[%clk 0:32:57]} Kg7 {[%clk 0:51:33]} 21. Nh4
{[%clk 0:28:04]} Qf6 {[%clk 0:39:57]} 22. Qd2 {[%clk 0:25:02]} Ne6
{[%clk 0:34:25]} 23. Rxc8 {[%clk 0:22:59]} Rxc8 {[%clk 0:34:15]} 24. Qd7+
{[%clk 0:23:14]} Qf7 {[%clk 0:34:16]} 25. Nxf5+ {[%clk 0:20:51]} Kf6
{[%clk 0:33:16]} 26. Qxf7+ {[%clk 0:20:49]} Kxf7 {[%clk 0:33:41]} 27. Nd6+
{[%clk 0:21:13]} Ke7 {[%clk 0:34:07]} 28. Nxc8+ {[%clk 0:21:39]} Kd7
{[%clk 0:34:17]} 29. Bh3 {[%clk 0:21:40]} 1-0

[Event "WCO2014"]
[Site "Tromso"]
[Date "2014.08.09"]
[Round "7.2"]
[WhiteID "14304503"]
[White "Tlale Tshepang"]
[BlackID "14504111"]
[Black "Jelica Mara"]
[Result "0-1"]
[LiveChessVersion "1.4.3"]
[BlackElo "2184"]
[WhiteElo "1798"]

1. e4 {[%clk 1:30:49]} c5 {[%clk 1:30:54]} 2. Nf3 {[%clk 1:31:11]} d6
{[%clk 1:31:20]} 3. Bb5+ {[%clk 1:31:28]} Bd7 {[%clk 1:31:35]} 4. Bxd7+
{[%clk 1:31:48]} Qxd7 {[%clk 1:31:19]} 5. c4 {[%clk 1:31:30]} Qg4
{[%clk 1:26:37]} 6. O-O {[%clk 1:31:52]} Qxe4 {[%clk 1:25:35]} 7. d4
{[%clk 1:30:53]} cxd4 {[%clk 1:14:33]} 8. Nxd4 {[%clk 1:27:38]} Nd7
{[%clk 0:59:17]} 9. Re1 {[%clk 1:27:30]} Qg6 {[%clk 0:59:20]} 10. Nb5
{[%clk 1:26:18]} Kd8 {[%clk 0:59:45]} 11. Qd5 {[%clk 1:22:54]} Nc5
{[%clk 0:58:01]} 12. Be3 {[%clk 1:21:03]} Nf6 {[%clk 0:55:22]} 13. Qf3
{[%clk 1:16:15]} Qg4 {[%clk 0:47:33]} 14. Qxg4 {[%clk 1:11:11]} Nxg4
{[%clk 0:47:26]} 15. Bxc5 {[%clk 1:11:24]} dxc5 {[%clk 0:47:47]} 16. N1c3
{[%clk 1:11:48]} Nf6 {[%clk 0:41:40]} 17. Rad1+ {[%clk 1:10:43]} Kc8
{[%clk 0:41:50]} 18. Rd3 {[%clk 1:08:33]} e6 {[%clk 0:40:46]} 19. Red1
{[%clk 1:05:38]} Be7 {[%clk 0:40:34]} 20. g3 {[%clk 1:04:40]} b6 {[%clk 0:36:07]}
21. h3 {[%clk 0:55:01]} a6 {[%clk 0:35:36]} 22. Nd6+ {[%clk 0:55:11]} Bxd6
{[%clk 0:35:49]} 23. Rxd6 {[%clk 0:55:27]} Kc7 {[%clk 0:35:28]} 24. Na4
{[%clk 0:55:17]} Rab8 {[%clk 0:34:42]} 25. g4 {[%clk 0:53:15]} h6
{[%clk 0:34:18]} 26. f4 {[%clk 0:51:56]} g5 {[%clk 0:34:12]} 27. f5
{[%clk 0:48:34]} Rhe8 {[%clk 0:33:24]} 28. Kg2 {[%clk 0:45:58]} Nd5
{[%clk 0:27:25]} 29. cxd5 {[%clk 0:46:22]} Kxd6 {[%clk 0:27:42]} 30. dxe6+
{[%clk 0:46:50]} Kc6 {[%clk 0:27:37]} 31. exf7 {[%clk 0:46:34]} Re7
{[%clk 0:27:01]} 32. Nc3 {[%clk 0:44:57]} Rf8 {[%clk 0:24:04]} 33. Kf3
{[%clk 0:42:32]} Rfxf7 {[%clk 0:23:58]} 34. Ne4 {[%clk 0:41:28]} Rd7
{[%clk 0:23:57]} 35. Re1 {[%clk 0:36:53]} Rd3+ {[%clk 0:23:55]} 36. Kg2
{[%clk 0:37:08]} b5 {[%clk 0:22:34]} 37. Nf2 {[%clk 0:34:31]} Rd2
{[%clk 0:17:27]} 38. Re6+ {[%clk 0:30:57]} Rd6 {[%clk 0:15:54]} 39. Re2
{[%clk 0:30:40]} c4 {[%clk 0:15:33]} 40. Kf3 {[%clk 0:28:48]} Kb6
{[%clk 0:14:42]} 41. a3 {[%clk 0:22:10]} Rc7 {[%clk 0:14:34]} 42. Ne4
{[%clk 0:20:24]} Rd3+ {[%clk 0:13:39]} 43. Kg2 {[%clk 0:20:42]} a5
{[%clk 0:13:28]} 44. Nf6 {[%clk 0:19:34]} b4 {[%clk 0:10:40]} 45. axb4
{[%clk 0:18:36]} axb4 {[%clk 0:11:06]} 46. Ng8 {[%clk 0:18:15]} c3 0-1

[Event "WCO2014"]
[Site "Tromso"]
[Date "2014.08.09"]
[Round "7.3"]
[WhiteID "14512670"]
[White "Deur Saric Zrinka"]
[BlackID "14305020"]
[Black "Van Niekerk Robyn Julian"]
[Result "1-0"]
[LiveChessVersion "1.4.3"]
[BlackElo "1627"]
[WhiteElo "2113"]

1. e4 {[%clk 1:30:57]} c5 {[%clk 1:30:51]} 2. Nf3 {[%clk 1:31:22]} e6
{[%clk 1:31:11]} 3. d4 {[%clk 1:31:46]} cxd4 {[%clk 1:31:35]} 4. Nxd4
{[%clk 1:32:12]} a6 {[%clk 1:31:49]} 5. Bd3 {[%clk 1:32:26]} Qc7 {[%clk 1:31:59]}
6. O-O {[%clk 1:32:26]} Nf6 {[%clk 1:31:45]} 7. Qe2 {[%clk 1:32:06]} d6
{[%clk 1:29:53]} 8. c4 {[%clk 1:32:00]} Be7 {[%clk 1:29:37]} 9. Nc3
{[%clk 1:31:22]} Bd7 {[%clk 1:27:57]} 10. Bd2 {[%clk 1:25:37]} Nc6
{[%clk 1:24:18]} 11. Nxc6 {[%clk 1:24:33]} Bxc6 {[%clk 1:24:02]} 12. Rae1
{[%clk 1:21:48]} O-O {[%clk 1:16:59]} 13. f4 {[%clk 1:15:43]} Rad8
{[%clk 1:01:32]} 14. Kh1 {[%clk 1:09:01]} Nd7 {[%clk 0:59:25]} 15. Nd5
{[%clk 1:03:02]} exd5 {[%clk 0:49:11]} 16. exd5 {[%clk 1:02:01]} Bxd5
{[%clk 0:43:27]} 17. Qxe7 {[%clk 0:53:51]} Be6 {[%clk 0:38:38]} 18. Qh4
{[%clk 0:50:29]} h6 {[%clk 0:12:55]} 19. f5 {[%clk 0:48:25]} Ne5 {[%clk 0:12:33]}
20. fxe6 {[%clk 0:48:24]} Nxd3 {[%clk 0:11:54]} 21. e7 {[%clk 0:42:11]} Nxe1
{[%clk 0:11:53]} 22. Rxe1 {[%clk 0:40:39]} Rc8 {[%clk 0:10:40]} 23. exf8=Q+
{[%clk 0:40:42]} Rxf8 {[%clk 0:10:54]} 24. Bc3 {[%clk 0:39:47]} Qc5
{[%clk 0:10:46]} 25. Qg4 {[%clk 0:38:29]} f6 {[%clk 0:10:32]} 26. Re7
{[%clk 0:37:42]} Rf7 {[%clk 0:09:34]} 27. Qe6 {[%clk 0:35:39]} Qh5
{[%clk 0:08:55]} 28. Rxf7 {[%clk 0:32:03]} Qxf7 {[%clk 0:08:14]} 29. Qxf7+
{[%clk 0:32:22]} Kxf7 {[%clk 0:08:36]} 30. Kg1 {[%clk 0:32:40]} Ke6
{[%clk 0:08:30]} 31. Kf2 {[%clk 0:33:04]} d5 {[%clk 0:06:56]} 32. c5
{[%clk 0:32:34]} g6 {[%clk 0:06:35]} 33. b4 {[%clk 0:32:12]} f5 {[%clk 0:06:25]}
34. a4 {[%clk 0:31:40]} Kd7 {[%clk 0:05:03]} 35. b5 {[%clk 0:31:42]} axb5
{[%clk 0:05:27]} 36. axb5 {[%clk 0:32:07]} h5 {[%clk 0:05:30]} 37. Ke3
{[%clk 0:32:10]} Ke7 {[%clk 0:05:16]} 38. Kd4 {[%clk 0:31:53]} Ke6
{[%clk 0:05:18]} 39. Bd2 1-0

[Event "WCO2014"]
[Site "Tromso"]
[Date "2014.08.09"]
[Round "7.4"]
[WhiteID "14307553"]
[White "Fisher Michelle M"]
[BlackID "14514451"]
[Black "Purgar Ivona"]
[Result "0-1"]
[LiveChessVersion "1.4.3"]
[BlackElo "2102"]
[WhiteElo "1657"]

1. e4 {[%clk 1:30:57]} c5 {[%clk 1:30:56]} 2. Nc3 {[%clk 1:31:20]} Nc6
{[%clk 1:31:14]} 3. Bc4 {[%clk 1:31:05]} g6 {[%clk 1:28:11]} 4. f4
{[%clk 1:29:47]} Bg7 {[%clk 1:27:16]} 5. Nf3 {[%clk 1:29:19]} e6 {[%clk 1:25:56]}
6. O-O {[%clk 1:23:33]} Nge7 {[%clk 1:25:16]} 7. d3 {[%clk 1:21:53]} O-O
{[%clk 1:25:09]} 8. e5 {[%clk 1:14:49]} d6 {[%clk 1:11:20]} 9. Qe2
{[%clk 0:56:04]} dxe5 {[%clk 1:04:51]} 10. fxe5 {[%clk 0:54:07]} Nxe5
{[%clk 0:59:31]} 11. Nxe5 {[%clk 0:49:18]} Qd4+ {[%clk 0:58:45]} 12. Kh1
{[%clk 0:41:36]} Qxe5 {[%clk 0:57:14]} 13. Qxe5 {[%clk 0:41:39]} Bxe5
{[%clk 0:57:40]} 14. Ne4 {[%clk 0:40:32]} b6 {[%clk 0:52:38]} 15. Bh6
{[%clk 0:26:33]} Bg7 {[%clk 0:46:37]} 16. Nf6+ {[%clk 0:21:32]} Kh8
{[%clk 0:45:50]} 17. Bg5 {[%clk 0:19:51]} h6 {[%clk 0:34:33]} 18. Nd7
{[%clk 0:12:39]} hxg5 {[%clk 0:31:29]} 19. Nxf8 {[%clk 0:13:01]} Bxf8
{[%clk 0:31:57]} 20. Rxf7 {[%clk 0:12:57]} Kg8 {[%clk 0:31:48]} 21. Rf2
{[%clk 0:10:59]} Nd5 {[%clk 0:27:10]} 22. Raf1 {[%clk 0:09:20]} Nf4
{[%clk 0:24:49]} 23. Re1 {[%clk 0:05:55]} Bg7 {[%clk 0:23:15]} 24. c3
{[%clk 0:05:34]} Bd7 {[%clk 0:23:09]} 25. h4 {[%clk 0:04:11]} b5 {[%clk 0:19:41]}
26. hxg5 {[%clk 0:04:01]} bxc4 {[%clk 0:18:52]} 27. Rxf4 {[%clk 0:04:25]} cxd3
{[%clk 0:19:06]} 28. Rd1 {[%clk 0:03:49]} e5 {[%clk 0:18:46]} 29. Re4
{[%clk 0:03:11]} Bf5 {[%clk 0:18:01]} 30. Rc4 {[%clk 0:03:05]} e4
{[%clk 0:14:04]} 31. Rxc5 {[%clk 0:02:43]} Bg4 {[%clk 0:13:59]} 32. Rd2
{[%clk 0:01:47]} Rd8 {[%clk 0:13:14]} 0-1